Loading...
| Fine Arts - Classical Music | 4 | 12.50 | 75% | 50% | 0% |
| Fine Arts - Other Fine Arts | 2 | 15.00 | 100% | 0% | 50% |
| Fine Arts - Visual Fine Arts | 5 | 20.00 | 100% | 80% | 20% |
| Geography/Current Events | 2 | 15.00 | 100% | 0% | 50% |
| History - American History | 4 | 10.00 | 75% | 25% | 0% |
| History - European History | 3 | 13.33 | 100% | 33% | 0% |
| History - Other History | 3 | 10.00 | 67% | 33% | 0% |
| History - World History | 3 | 10.00 | 100% | 0% | 0% |
| Literature - American Literature | 3 | 13.33 | 100% | 33% | 0% |
| Literature - British Literature | 3 | 10.00 | 67% | 0% | 33% |
| Literature - European Literature | 4 | 15.00 | 100% | 25% | 25% |
| Literature - World/Other Literature | 3 | 20.00 | 100% | 33% | 67% |
| Mythology | 3 | 13.33 | 100% | 33% | 0% |
| Other Academic | 2 | 15.00 | 100% | 50% | 0% |
| Philosophy | 5 | 14.00 | 80% | 60% | 0% |
| Pop Culture | 1 | 10.00 | 100% | 0% | 0% |
| Religion | 5 | 10.00 | 80% | 20% | 0% |
| Science - Biology | 5 | 12.00 | 100% | 20% | 0% |
| Science - Chemistry | 5 | 8.00 | 60% | 0% | 20% |
| Science - Other Science | 4 | 20.00 | 100% | 75% | 25% |
| Science - Physics | 6 | 10.00 | 100% | 0% | 0% |
| Social Science | 2 | 5.00 | 0% | 50% | 0% |